| 000 | 00527nam a2200217Ia 4500 | ||
|---|---|---|---|
| 003 | OSt | ||
| 005 | 20140314154412.0 | ||
| 008 | 140130s9999 xx 000 0 und d | ||
| 020 | _a9780439711241 | ||
| 050 |
_aPZ 7 _b.P154 2004 |
||
| 100 | _aPalatini, Margie | ||
| 245 |
_aMary has a little ham / _cMargie Palatini. |
||
| 260 |
_bScholastic, _c2004. _aNew York : |
||
| 300 |
_a30 p. : _bcol. ill. ; _c23 cm. |
||
| 440 | _v1 | ||
| 521 | _aG4 | ||
| 526 | _c660 | ||
| 942 |
_cBK _2lcc |
||
| 999 |
_c40905 _d40905 |
||